Postacie w Lol-u ze skinami high noon - Statystyki

Ogólne statystyki
  • Ten quiz został rozwiązany 8 razy
  • Średni wynik to 12 z 25
Statystyki odpowiedzi
Odpowiedź % Poprawnych
Lucian
100%
Twisted fate
100%
Samira
83%
Senna
83%
Yasuo
83%
Jhin
67%
Leona
67%
Urgot
67%
Ashe
50%
Darius
50%
Gragas
50%
Hecarim
50%
Mordekaiser
50%
Thresh
50%
Yone
50%
Evelynn
33%
Katarina
33%
Sion
33%
Irelia
17%
Rell
17%
Tahm Kench
17%
Talon
17%
Viktor
17%
Twitch
0%
Varus
0%
Nie znaleziono quizów pasujących do podanych kryteriów
Rozkład punktacji
Procent ludzi z każdym wynikiem
Percentyl według liczby udzielonych odpowiedzi
Twoja historia wyników
Nie rozwiązałeś tego quizu